000
00288nam a2200109Ia 4500
008
220204s9999 xx 000 0 und d
082
_a
301.172:65
_b
BIT
100
_a
Bittel, L R
245
0
_a
Leadership: Key to executive success
260
_a
New york
_b
Modern business
_c
1982
942
_c
BK
999
_c
36913
_d
36913